000 00525nam a2200193Ia 4500
003 OSt
005 20260226154418.0
008 210210b1954 xxu||||| |||| 00| 0 eng d
040 _cAL
041 _aHindi
082 _a861/62
100 _aGUPTA (Maithilisharan)
_dगुप्त (मैथिलीशरण)
_9256903
245 _aYashodhara
_bयशोधरा
260 _aChirganv
_bSahity Sadhan
_c1954
650 _aYashodhara
_9256904
690 _aHindi Poetry
_9256905
906 _a023083
942 _2ddc
_cBK
999 _c147972
_d147972